| 000 | 00582nam a2200205Ia 4500 | ||
|---|---|---|---|
| 003 | GCL | ||
| 008 | 140319s9999 xx 000 0 eng d | ||
| 040 |
_aGCL / _cGCL |
||
| 082 | 0 | 4 |
_a005.43 _bM P |
| 100 | 1 | _aMERCIER, PHILIPPE | |
| 245 | 1 | 0 |
_aPROGRAMMATION AVANCEE SOUS MS-DOS / _cMERCIER, PHILIPPE |
| 260 |
_a[S.N] : _bMARABOUT UNIVERSITE ، _c1992 |
||
| 300 | _a248 P | ||
| 490 |
_aMARABOUT _v0 |
||
| 650 | 0 | 4 | _aCOMPUTER SOFTWARE |
| 650 | 0 | 4 | _aMS - DOS ( COMPUTER OPERATING SYSTEM ) |
| 650 | 0 | 4 | _aOPERATINGS SYSTEMS COMPUTERS |
| 650 | 0 | 4 | _aCOMPUTER PROGRM |
| 942 |
_2ddc _cBK |
||
| 999 |
_c22708 _d22708 |
||